[Event "III Festival Grand Hotel Adriatico A"]
[Site "Montesilvano ITA"]
[Date "2013.09.20"]
[Round "1"]
[White "Altini, Nicola"]
[Black "Di Primio, Eugenia"]
[WhiteElo "2382"]
[BlackElo "1978"]
[Result "1-0"]
[PlyCount "49"]
[EventDate "2013.09.20"]

1. d4 f5 2. Bg5 g6 3. h4 Bg7 4. Nc3 Nf6 5. h5 d5 6. h6 Bf8 7. Nf3 Nc6 8. e3 a6
9. Ne5 e6 10. g4 Be7 11. gxf5 exf5 12. Bxf6 Bxf6 13. Nd3 Ne7 14. Qf3 c6 15.
O-O-O Qc7 16. Kb1 Bd7 17. Nc5 O-O-O 18. N3a4 Qa5 19. Be2 Rhe8 20. Rd3 b5 21.
Ra3 bxa4 22. Rxa4 Qxa4 23. Nxa4 Kb7 24. Nc5+ Ka7 25. Qf4 1-0

[Event "III Festival Grand Hotel Adriatico A"]
[Site "Montesilvano ITA"]
[Date "2013.09.20"]
[Round "1"]
[White "Basso, Pier Luigi"]
[Black "Renzi, Marco"]
[WhiteElo "2225"]
[BlackElo "1957"]
[Result "1-0"]
[PlyCount "75"]
[EventDate "2013.09.20"]

1. d4 d5 2. c4 c6 3. Nf3 Nf6 4. e3 Bf5 5. Nc3 e6 6. Qb3 Qc7 7. Bd2 Nbd7 8. Rc1
Qb6 9. Nh4 Bg4 10. h3 Bh5 11. g4 Bg6 12. Nxg6 hxg6 13. Bg2 Be7 14. c5 Qxb3 15.
axb3 g5 16. b4 a6 17. Ra1 O-O 18. f4 Nh7 19. Ke2 Rae8 20. h4 f6 21. f5 e5 22.
Nxd5 exd4 23. Nc7 dxe3 24. Nxe8 Rxe8 25. Bxe3 Bd8 26. b5 axb5 27. Rhd1 Nhf8 28.
hxg5 Ne5 29. Ra8 Nfd7 30. g6 Kf8 31. Be4 Ke7 32. g5 Kf8 33. Rh1 Kg8 34. Bf4
fxg5 35. Bxg5 Nf6 36. Bxf6 gxf6 37. Rd1 Nd7 38. Rxd7 1-0

[Event "III Festival Grand Hotel Adriatico A"]
[Site "Montesilvano ITA"]
[Date "2013.09.20"]
[Round "1"]
[White "Boscolo, Federico"]
[Black "Baltzopoulos, Giorgos"]
[WhiteElo "2337"]
[BlackElo "1973"]
[Result "1-0"]
[PlyCount "63"]
[EventDate "2013.09.20"]

1. e4 e5 2. Nf3 Nc6 3. Bc4 Nf6 4. Ng5 d5 5. exd5 b5 6. Bf1 Nd4 7. c3 Nxd5 8.
cxd4 Qxg5 9. Bxb5+ Kd8 10. Qf3 Bb7 11. O-O Qf4 12. Qh3 c6 13. Bc4 Qxd4 14. d3
Bc8 15. Qf3 f6 16. Nc3 Bg4 17. Qg3 h5 18. Nxd5 cxd5 19. Be3 h4 20. Bxd4 hxg3
21. Bxd5 gxh2+ 22. Kh1 Rb8 23. Bxa7 Rxb2 24. Rfb1 Rc2 25. Rb8+ Kc7 26. Rb7+ Kd6
27. Bb3 Rc3 28. f3 Bc8 29. Bb8+ Kc5 30. Rc7+ Kb4 31. Rxc3 Kxc3 32. Rc1+ 1-0

[Event "III Festival Grand Hotel Adriatico A"]
[Site "Montesilvano ITA"]
[Date "2013.09.20"]
[Round "1"]
[White "Difronzo, Andrea"]
[Black "Napoli, Nicolo'"]
[WhiteElo "1964"]
[BlackElo "2266"]
[Result "0-1"]
[PlyCount "72"]
[EventDate "2013.09.20"]

1. e4 c6 2. Nf3 d5 3. Nc3 b5 4. a3 a6 5. d4 Bg4 6. Be2 e6 7. Be3 Nf6 8. e5 Nfd7
9. Nd2 Bf5 10. O-O c5 11. f4 h5 12. Nf3 Nc6 13. Kh1 Rc8 14. Rc1 Qb6 15. dxc5
Bxc5 16. Bxc5 Nxc5 17. Ng5 d4 18. Nb1 g6 19. Bf3 Rd8 20. Nd2 Kf8 21. Qe1 h4 22.
Be4 Ne7 23. Qf2 Kg7 24. Rfe1 Na4 25. Ndf3 h3 26. g3 Nxb2 27. Nh4 Bxe4+ 28. Nxe4
Qb7 29. Kg1 d3 30. Nd6 Qd5 31. Rcd1 Nxd1 32. Rxd1 dxc2 33. Qxc2 Qc6 34. Qd2 Nc8
35. f5 Qc5+ 36. Kf1 Qxe5 0-1

[Event "III Festival Grand Hotel Adriatico A"]
[Site "Montesilvano ITA"]
[Date "2013.09.20"]
[Round "1"]
[White "Ferretti, Folco"]
[Black "Bottega, Antonio"]
[WhiteElo "2278"]
[BlackElo "1969"]
[Result "1-0"]
[PlyCount "45"]
[EventDate "2013.09.20"]

1. e4 e6 2. d4 d5 3. Nd2 c5 4. Ngf3 Nf6 5. exd5 Nxd5 6. Nb3 cxd4 7. Nbxd4 Be7
8. Bc4 O-O 9. O-O Qc7 10. Bb3 Rd8 11. Qe2 Nc6 12. Nxc6 Qxc6 13. c4 Nf6 14. Bg5
b6 15. Ne5 Qc7 16. f4 Bb7 17. Bc2 Rd4 18. Rae1 Rad8 19. f5 Bc5 20. Kh1 h6 21.
fxe6 fxe6 22. Bxh6 Ne4 23. Qh5 1-0

[Event "III Festival Grand Hotel Adriatico A"]
[Site "Montesilvano ITA"]
[Date "2013.09.20"]
[Round "1"]
[White "Lombardi, Vincenzo Angelo"]
[Black "Gilevych, Artem"]
[WhiteElo "1974"]
[BlackElo "2349"]
[Result "0-1"]
[PlyCount "50"]
[EventDate "2013.09.20"]

1. e4 Nc6 2. d3 d5 3. Nd2 Nf6 4. c3 e5 5. Ngf3 Be7 6. Be2 O-O 7. O-O a5 8. a4
Kh8 9. Qb3 b6 10. Re1 Be6 11. Ng5 Bc5 12. Bf3 Ng4 13. Bxg4 Qxg5 14. exd5 Bxg4
15. Ne4 Qg6 16. dxc6 f5 17. Ng5 h6 18. h3 Bh5 19. d4 Be7 20. Ne6 Bf3 21. g3 f4
22. Kh2 fxg3+ 23. fxg3 Bd1 24. Nxf8 Rxf8 25. Qd5 Qc2+ 0-1

[Event "III Festival Grand Hotel Adriatico A"]
[Site "Montesilvano ITA"]
[Date "2013.09.20"]
[Round "1"]
[White "Rebeggiani, Andrea"]
[Black "Messina, Enrico"]
[WhiteElo "1939"]
[BlackElo "2216"]
[Result "1/2-1/2"]
[PlyCount "125"]
[EventDate "2013.09.20"]

1. d4 Nf6 2. Bf4 c5 3. e3 e6 4. c3 Nc6 5. Nd2 cxd4 6. exd4 Be7 7. Ngf3 b6 8.
Bd3 Bb7 9. O-O O-O 10. h3 d6 11. Re1 Re8 12. a4 Qc7 13. Bh2 Bf8 14. Nc4 Rac8
15. Ne3 Qb8 16. Ng5 h6 17. Ne4 Nxe4 18. Bxe4 Rcd8 19. Qf3 Qa8 20. d5 Na5 21.
dxe6 fxe6 22. Bxb7 Qxb7 23. Qxb7 Nxb7 24. Nc2 Rc8 25. Nd4 e5 26. Nb3 Nc5 27.
Nxc5 Rxc5 28. f3 Kf7 29. Bg3 Be7 30. Bf2 Rc7 31. Re4 Bf6 32. a5 bxa5 33. Rxa5
Rb8 34. Re2 Rbb7 35. Be3 Bg5 36. Bxg5 hxg5 37. Kf2 Ke6 38. Ra6 Rc5 39. Rd2 Rd5
40. Rxd5 Kxd5 41. b4 Rc7 42. Ra3 Kc4 43. Ke3 d5 44. Kd2 d4 45. cxd4 exd4 46.
Ra5 Kxb4 47. Rxg5 a5 48. Rd5 Rc4 49. Rd7 Kb3 50. Rxg7 a4 51. Rb7+ Rb4 52. Ra7
a3 53. g4 a2 54. Rxa2 Kxa2 55. Kd3 Rb3+ 56. Kxd4 Rxf3 57. Ke5 Rxh3 58. g5 Kb3
59. g6 Kc4 60. g7 Rg3 61. Kf6 Kd5 62. Kf7 Rf3+ 63. Ke7 1/2-1/2

[Event "III Festival Grand Hotel Adriatico A"]
[Site "Montesilvano ITA"]
[Date "2013.09.20"]
[Round "1"]
[White "Santeramo, Alessia Carmen"]
[Black "Zimina, Olga"]
[WhiteElo "1971"]
[BlackElo "2324"]
[Result "0-1"]
[PlyCount "136"]
[EventDate "2013.09.20"]

1. e4 e5 2. Nf3 Nc6 3. Bb5 a6 4. Ba4 Nf6 5. O-O b5 6. Bb3 Bc5 7. a4 Rb8 8. axb5
axb5 9. c3 d6 10. d4 Bb6 11. h3 O-O 12. Na3 b4 13. Nb5 Bd7 14. cxb4 Nxe4 15.
Qe2 Nf6 16. dxe5 Nxe5 17. Nc3 Re8 18. Bg5 h6 19. Bh4 Ng6 20. Qd3 Nxh4 21. Nxh4
Be6 22. Ba4 Nd7 23. Nf5 Qg5 24. Bxd7 Bxd7 25. Ng3 h5 26. Nge4 Qg6 27. Qg3 Bf5
28. Qxg6 Bxg6 29. Nd2 Bd4 30. Nf3 c5 31. bxc5 Bxc5 32. Na4 Bb4 33. Nd4 Be4 34.
f3 Bb7 35. Nc2 Bd2 36. Rad1 Bf4 37. Nd4 Ba6 38. Rfe1 g6 39. Nc6 Rxe1+ 40. Rxe1
Rb3 41. Re8+ Kg7 42. Ne7 Bg3 43. Nd5 Bb5 44. Ra8 Bc6 45. Ra5 Bxa4 46. Rxa4 Rxb2
47. Ra1 Rd2 48. Nc3 Be5 49. Rc1 d5 50. Nb1 Rb2 51. Rd1 d4 52. Nd2 Bf4 53. Ne4
Be3+ 54. Kh1 Rc2 55. h4 f5 56. Nd6 Kf6 57. g3 Ke5 58. Nf7+ Kd5 59. Nh8 Rc6 60.
Kg2 Kc4 61. Nf7 Kd5 62. f4 Rc2+ 63. Kh1 Ke4 64. Ng5+ Kd5 65. Nf3 Ra2 66. Ne5
Ke4 67. g4 hxg4 68. Nxg6 g3 0-1

[Event "III Festival Grand Hotel Adriatico A"]
[Site "Montesilvano ITA"]
[Date "2013.09.21"]
[Round "2"]
[White "Buiano, Fabio"]
[Black "Boscolo, Federico"]
[WhiteElo "2024"]
[BlackElo "2337"]
[Result "1/2-1/2"]
[PlyCount "79"]
[EventDate "2013.09.20"]

1. e4 c5 2. Nc3 Nc6 3. f4 e6 4. Nf3 d5 5. Bb5 Nge7 6. exd5 exd5 7. Qe2 g6 8.
Qe5 Rg8 9. Bxc6+ bxc6 10. O-O Bg7 11. Qe2 Bg4 12. Rb1 Kf8 13. b3 Nf5 14. Ba3
Bd4+ 15. Kh1 Kg7 16. Na4 Re8 17. Qd3 c4 18. bxc4 Bxf3 19. Rxf3 Qa5 20. g4 Qxa4
21. gxf5 Qxc4 22. fxg6 hxg6 23. f5 g5 24. f6+ Bxf6 25. Qxc4 dxc4 26. Rbf1 Be5
27. Rxf7+ Kg6 28. Bd6 Bg7 29. R7f2 Rad8 30. Bc5 Rd5 31. Bxa7 Ra8 32. Be3 Rxa2
33. c3 Raa5 34. Rb1 Rab5 35. Ra1 Ra5 36. Rb1 Rdb5 37. Rbf1 Rf5 38. Rxf5 Rxf5
39. Ra1 Rf3 40. Kg2 1/2-1/2

[Event "III Festival Grand Hotel Adriatico A"]
[Site "Montesilvano ITA"]
[Date "2013.09.21"]
[Round "2"]
[White "Calavalle, Giulio"]
[Black "Vesce, Emanuele"]
[WhiteElo "2205"]
[BlackElo "2002"]
[Result "1-0"]
[PlyCount "99"]
[EventDate "2013.09.20"]

1. e4 c5 2. Nf3 d6 3. d4 cxd4 4. Nxd4 Nf6 5. Nc3 a6 6. Be2 e5 7. Nb3 Be7 8. Be3
O-O 9. g4 Be6 10. g5 Ne8 11. Qd2 Nc7 12. O-O-O Nd7 13. h4 b5 14. Na5 b4 15. Nd5
Nxd5 16. Nc6 Nxe3 17. Nxd8 Nxd1 18. Nxe6 fxe6 19. Bxd1 a5 20. Bg4 Nc5 21. Bxe6+
Nxe6 22. Qd5 Kf7 23. Rh3 Ra7 24. f4 exf4 25. Qf5+ Ke8 26. Qxe6 f3 27. Qc4 Kd7
28. e5 dxe5 29. Rxf3 Rxf3 30. Qg4+ Kd6 31. Qxf3 Rc7 32. Qd3+ Ke6 33. Qxh7 Bc5
34. Qg6+ Kd5 35. Kd2 Bd4 36. h5 e4 37. Qf5+ Be5 38. h6 gxh6 39. gxh6 Rc6 40.
Qf7+ Kd4 41. c3+ bxc3+ 42. bxc3+ Rxc3 43. Qd7+ Kc5 44. Qe7+ Kd5 45. h7 e3+ 46.
Ke2 Rc2+ 47. Kxe3 Rh2 48. Kf3 Kd4 49. Qa7+ Kd3 50. Qe3+ 1-0

[Event "III Festival Grand Hotel Adriatico A"]
[Site "Montesilvano ITA"]
[Date "2013.09.21"]
[Round "2"]
[White "Capitelli, Paolo"]
[Black "Altini, Nicola"]
[WhiteElo "2073"]
[BlackElo "2382"]
[Result "1/2-1/2"]
[PlyCount "99"]
[EventDate "2013.09.20"]

1. e4 c5 2. Nf3 e6 3. d4 cxd4 4. Nxd4 a6 5. Bd3 Qc7 6. c4 Nf6 7. Qe2 d6 8. O-O
g6 9. Nc3 Bg7 10. Be3 O-O 11. Rac1 Nc6 12. Nxc6 bxc6 13. f4 Re8 14. Kh1 Rb8 15.
b3 Qa5 16. Na4 Qh5 17. Qxh5 Nxh5 18. c5 e5 19. cxd6 exf4 20. Bb6 Be5 21. Bc7
Rb4 22. Bc4 Nf6 23. a3 Rb7 24. Nc5 Ra7 25. Nd3 Nd7 26. Nxe5 Nxe5 27. Rxf4 Nxc4
28. Rxc4 Rb7 29. b4 Bd7 30. h4 Rb5 31. Rc5 Re5 32. Rxe5 Rxe5 33. Kg1 c5 34.
bxc5 Rxc5 35. Rf3 Re5 36. Re3 f5 37. Rb3 fxe4 38. Kf2 Rh5 39. g3 Rf5+ 40. Ke2
Kf7 41. Rb4 Bc6 42. Rb6 Bd7 43. Rb4 Re5 44. Ke3 Rc5 45. Rxe4 Be6 46. a4 Rc3+
47. Kf2 Rc2+ 48. Ke3 Rc3+ 49. Kf2 Rc2+ 50. Ke3 1/2-1/2

[Event "III Festival Grand Hotel Adriatico A"]
[Site "Montesilvano ITA"]
[Date "2013.09.21"]
[Round "2"]
[White "Gilevych, Artem"]
[Black "Giacometti, Carlo"]
[WhiteElo "2349"]
[BlackElo "2051"]
[Result "1-0"]
[PlyCount "37"]
[EventDate "2013.09.20"]

1. d4 d5 2. Nf3 Nf6 3. c4 e6 4. Nc3 c6 5. e3 Be7 6. Qc2 O-O 7. Be2 Nbd7 8. Bd2
a6 9. e4 dxe4 10. Nxe4 c5 11. Nxf6+ Nxf6 12. dxc5 Bxc5 13. Rd1 Qb6 14. O-O Ng4
15. Ng5 Bxf2+ 16. Kh1 Nf6 17. Bc3 h6 18. Bxf6 hxg5 19. Be7 1-0

[Event "III Festival Grand Hotel Adriatico A"]
[Site "Montesilvano ITA"]
[Date "2013.09.21"]
[Round "2"]
[White "Napoli, Nicolo'"]
[Black "Dobboletta, Alex"]
[WhiteElo "2266"]
[BlackElo "2015"]
[Result "1-0"]
[PlyCount "77"]
[EventDate "2013.09.20"]

1. Nf3 Nf6 2. g3 g6 3. c4 Bg7 4. d4 O-O 5. Bg2 d6 6. O-O c5 7. Nc3 Nbd7 8. b3
Rb8 9. Bb2 a6 10. a4 cxd4 11. Nxd4 Nc5 12. Nd5 Nxd5 13. cxd5 Qb6 14. Rb1 e5 15.
dxe6 fxe6 16. b4 Nxa4 17. Ba1 Bd7 18. Nxe6 Bxe6 19. Bxg7 Kxg7 20. Qxa4 Rbc8 21.
Qa5 Qc7 22. Rfd1 Qf7 23. Qb6 Rc2 24. Bf3 d5 25. b5 axb5 26. Rxb5 Rc7 27. Rb4
Rd8 28. Rf4 Qd7 29. h4 Qc6 30. Qd4+ Kg8 31. h5 Qc3 32. hxg6 hxg6 33. Qb6 Qc6
34. Qe3 Bf7 35. Qe5 Qd6 36. Qb2 Qc5 37. Rh4 Qc3 38. Qb6 Qc5 39. Qf6 1-0

[Event "III Festival Grand Hotel Adriatico A"]
[Site "Montesilvano ITA"]
[Date "2013.09.21"]
[Round "2"]
[White "Paolillo, Gaia"]
[Black "Basso, Pier Luigi"]
[WhiteElo "1920"]
[BlackElo "2225"]
[Result "0-1"]
[PlyCount "140"]
[EventDate "2013.09.20"]

1. e4 c5 2. b3 d5 3. exd5 Qxd5 4. Nc3 Qd6 5. Bb2 a6 6. Bd3 Nf6 7. Nf3 Nc6 8.
O-O Bg4 9. Ne4 Nxe4 10. Bxe4 f5 11. Bxc6+ Qxc6 12. Qe2 O-O-O 13. d3 Bxf3 14.
Qxf3 Qxf3 15. gxf3 e6 16. Rfe1 Kd7 17. Rad1 Ke7 18. d4 Kf7 19. Rd3 Be7 20. dxc5
Rxd3 21. cxd3 Bxc5 22. Kf1 Bd6 23. h3 Bf4 24. Bc1 Bb8 25. Bb2 Rd8 26. Ke2 Bf4
27. Bc1 Be5 28. Ba3 Rd5 29. Bb4 Rd4 30. Bc3 Rd5 31. Bb4 Rb5 32. Bd2 Rc5 33. Rc1
Rxc1 34. Bxc1 Ke7 35. f4 Bc3 36. Ba3+ Kd7 37. Ke3 Kc6 38. d4 Kd5 39. Bc5 Ba5
40. Kd3 g6 41. f3 Be1 42. Be7 Bg3 43. Bg5 Be1 44. Be7 Kc6 45. a3 Ba5 46. Bf6
Bc7 47. Be5 Bd8 48. Kc3 Be7 49. a4 Ba3 50. Bf6 b5 51. a5 Kd5 52. b4 Bc1 53. Be5
Be3 54. Kd3 Bf2 55. Bf6 Kd6 56. Be5+ Kd7 57. Kc3 Be1+ 58. Kb3 Kc6 59. Bf6 Kd5
60. Bg7 Bd2 61. Be5 h5 62. h4 Be1 63. Bf6 Bg3 64. Kc3 Bxf4 65. Kd3 Bd6 66. Kc3
e5 67. Bg7 exd4+ 68. Bxd4 Bxb4+ 69. Kxb4 Kxd4 70. Kb3 Ke5 0-1

[Event "III Festival Grand Hotel Adriatico A"]
[Site "Montesilvano ITA"]
[Date "2013.09.21"]
[Round "2"]
[White "Sbraccia, Giovanni"]
[Black "Ferretti, Folco"]
[WhiteElo "2013"]
[BlackElo "2278"]
[Result "0-1"]
[PlyCount "70"]
[EventDate "2013.09.20"]

1. Nf3 Nf6 2. c4 c5 3. Nc3 d5 4. cxd5 Nxd5 5. e4 Nb4 6. Bb5+ N8c6 7. O-O Bg4 8.
a3 Bxf3 9. Qxf3 Nc2 10. Bxc6+ bxc6 11. Rb1 Nd4 12. Qh5 e6 13. f4 Be7 14. d3 O-O
15. Be3 f5 16. Kh1 Rb8 17. Qd1 Qd7 18. Bxd4 cxd4 19. Ne2 fxe4 20. dxe4 c5 21.
Qd3 Qb5 22. Rf3 Qxd3 23. Rxd3 e5 24. fxe5 Rf2 25. Ng3 Rbxb2 26. Rxb2 Rxb2 27.
h3 Kf7 28. Nh5 Ke6 29. Nxg7+ Kxe5 30. Rd1 c4 31. Nf5 Bc5 32. Ne3 dxe3 33. Rd5+
Kxe4 34. Rxc5 Rb1+ 35. Kh2 e2 0-1

[Event "III Festival Grand Hotel Adriatico A"]
[Site "Montesilvano ITA"]
[Date "2013.09.21"]
[Round "2"]
[White "Zimina, Olga"]
[Black "Carnicelli, Valerio"]
[WhiteElo "2324"]
[BlackElo "2046"]
[Result "1-0"]
[PlyCount "87"]
[EventDate "2013.09.20"]

1. Nf3 d5 2. c4 e6 3. g3 Nf6 4. Bg2 Be7 5. O-O O-O 6. d4 c6 7. Nc3 Nbd7 8. Qd3
b6 9. Rd1 Bb7 10. cxd5 cxd5 11. Bf4 Nh5 12. Bd2 Nhf6 13. Rac1 Rc8 14. Bf4 Nh5
15. Be3 Nhf6 16. Ne5 Nxe5 17. dxe5 Nd7 18. Bd4 Bc5 19. e4 Bxd4 20. Qxd4 Rc4 21.
Qe3 Qc7 22. exd5 exd5 23. Nxd5 Bxd5 24. Bxd5 Rxc1 25. Rxc1 Qxe5 26. Qxe5 Nxe5
27. Rc7 a5 28. Rb7 h6 29. Rxb6 Rd8 30. Rb5 a4 31. Kg2 g5 32. h3 Kg7 33. Ra5 Nd3
34. b3 axb3 35. axb3 Rd7 36. Rb5 Rd6 37. Be4 Nb2 38. Rd5 Rb6 39. Bc2 Ra6 40.
Rd2 Ra3 41. Kf1 Kf6 42. Ke2 Ke5 43. Rd8 Ra1 44. Kd2 1-0

[Event "III Festival Grand Hotel Adriatico A"]
[Site "Montesilvano ITA"]
[Date "2013.09.21"]
[Round "3"]
[White "Altini, Nicola"]
[Black "Zinnai, Graziano Matteo"]
[WhiteElo "2382"]
[BlackElo "2034"]
[Result "1-0"]
[PlyCount "63"]
[EventDate "2013.09.20"]

1. d4 Nf6 2. c4 d6 3. Nf3 Nbd7 4. Nc3 e5 5. e4 c6 6. g3 Be7 7. Bg2 O-O 8. O-O
Re8 9. d5 Nc5 10. Ne1 Bf8 11. Nd3 Nxd3 12. Qxd3 c5 13. Rb1 a6 14. b4 b6 15.
bxc5 bxc5 16. Bd2 Bd7 17. f4 exf4 18. gxf4 g6 19. Ne2 Rb8 20. Rxb8 Qxb8 21. Bc3
Bg7 22. Ng3 Qc8 23. f5 Ng4 24. Bxg7 Kxg7 25. Qf3 Ne5 26. Qf4 Qd8 27. f6+ Kh8
28. Qg5 Rg8 29. Rf4 Qf8 30. Rh4 Bc8 31. h3 Bd7 32. Rh6 1-0

[Event "III Festival Grand Hotel Adriatico A"]
[Site "Montesilvano ITA"]
[Date "2013.09.21"]
[Round "3"]
[White "Basso, Pier Luigi"]
[Black "Gilevych, Artem"]
[WhiteElo "2225"]
[BlackElo "2349"]
[Result "1/2-1/2"]
[PlyCount "33"]
[EventDate "2013.09.20"]

1. d4 Nf6 2. c4 e6 3. Nf3 b6 4. g3 Ba6 5. b3 d5 6. Bg2 c6 7. O-O Nbd7 8. Nbd2
Rc8 9. Bb2 Be7 10. Re1 O-O 11. Ne5 Bb4 12. a3 Bxd2 13. Qxd2 Nxe5 14. dxe5 Nd7
15. cxd5 cxd5 16. b4 Bb7 17. Rad1 1/2-1/2

[Event "III Festival Grand Hotel Adriatico A"]
[Site "Montesilvano ITA"]
[Date "2013.09.21"]
[Round "3"]
[White "Bianco, Raffaele"]
[Black "Messina, Enrico"]
[WhiteElo "2084"]
[BlackElo "2216"]
[Result "0-1"]
[PlyCount "98"]
[EventDate "2013.09.20"]

1. e4 c5 2. Nf3 d6 3. d3 g6 4. g3 Bg7 5. Bg2 Nc6 6. O-O e5 7. a4 Nge7 8. Na3
O-O 9. c3 b6 10. Be3 Ba6 11. Re1 d5 12. Rb1 Bb7 13. Qc1 Qd7 14. Bh6 f6 15. h4
Kh8 16. Kh2 Bxh6 17. Qxh6 Ng8 18. Qc1 Nge7 19. Bh3 Qd8 20. b4 cxb4 21. cxb4 Bc8
22. Bg2 Be6 23. b5 Na5 24. Qb2 d4 25. Nd2 Rc8 26. Rbc1 Qd6 27. Bh3 Bxh3 28.
Kxh3 Nb7 29. Nac4 Qe6+ 30. Kg2 Nc5 31. Qc2 Rf7 32. Nb3 g5 33. Nxc5 Rxc5 34.
hxg5 fxg5 35. Qe2 g4 36. Rh1 Ng6 37. Rh2 Rf3 38. Rch1 Rc7 39. Kg1 Rcf7 40. Qd2
Qf6 41. Rg2 Rc7 42. Rh5 Rc5 43. Rgh2 Rc7 44. Rg2 Rf7 45. Rgh2 Rxg3+ 46. Kh1 Rf3
47. Kg1 Qe7 48. Qe2 Qb4 49. Nd2 Qb2 0-1

[Event "III Festival Grand Hotel Adriatico A"]
[Site "Montesilvano ITA"]
[Date "2013.09.21"]
[Round "3"]
[White "Boscolo, Federico"]
[Black "Capitelli, Paolo"]
[WhiteElo "2337"]
[BlackElo "2073"]
[Result "1/2-1/2"]
[PlyCount "49"]
[EventDate "2013.09.20"]

1. d4 Nf6 2. c4 g6 3. Nc3 Bg7 4. e4 d6 5. Be2 O-O 6. Be3 e5 7. d5 Na6 8. g4 Nc5
9. Bf3 Ne8 10. b4 Na6 11. a3 f5 12. gxf5 gxf5 13. Nge2 f4 14. Bd2 Nb8 15. Nc1
c6 16. Bg4 Nf6 17. Bxc8 Qxc8 18. Nb3 cxd5 19. cxd5 Qh3 20. Qe2 f3 21. Qb5 Ng4
22. Qf1 Qh4 23. h3 Nf6 24. O-O-O Nxe4 25. Qc4 1/2-1/2

[Event "III Festival Grand Hotel Adriatico A"]
[Site "Montesilvano ITA"]
[Date "2013.09.21"]
[Round "3"]
[White "Calavalle, Giulio"]
[Black "Zimina, Olga"]
[WhiteElo "2205"]
[BlackElo "2324"]
[Result "1/2-1/2"]
[PlyCount "96"]
[EventDate "2013.09.20"]

1. e4 e5 2. Nf3 Nc6 3. d4 exd4 4. Nxd4 Bc5 5. Be3 Qf6 6. c3 Nge7 7. Bc4 Ne5 8.
Be2 d5 9. f4 Ng4 10. Bxg4 Qh4+ 11. Bf2 Qxg4 12. Qxg4 Bxg4 13. Nd2 O-O-O 14. h3
Bd7 15. e5 h5 16. Ne2 Bxf2+ 17. Kxf2 h4 18. Nf3 f6 19. b4 fxe5 20. Nxe5 Rdf8
21. Nxd7 Kxd7 22. Rad1 Kc8 23. Rd3 c6 24. Rf3 Nf5 25. Nd4 Ng3 26. Rxg3 hxg3+
27. Kxg3 Rh6 28. Kf3 b6 29. g4 Kd7 30. Kg3 c5 31. g5 Rd6 32. Nf3 cxb4 33. cxb4
Re6 34. Ne5+ Kd6 35. Re1 d4 36. h4 g6 37. Kg4 Kd5 38. a4 a6 39. a5 bxa5 40.
bxa5 Rd6 41. Rc1 Ke4 42. Re1+ Kd5 43. Rc1 Re6 44. Nd7 Rf7 45. Nb6+ Kd6 46. Nc4+
Kd5 47. Nb6+ Kd6 48. Nc4+ Kd5 1/2-1/2

[Event "III Festival Grand Hotel Adriatico A"]
[Site "Montesilvano ITA"]
[Date "2013.09.21"]
[Round "3"]
[White "Ferretti, Folco"]
[Black "Quimi, Marco"]
[WhiteElo "2278"]
[BlackElo "2169"]
[Result "1-0"]
[PlyCount "99"]
[EventDate "2013.09.20"]

1. d4 Nf6 2. c4 d6 3. Nc3 Nbd7 4. Nf3 c6 5. e4 e5 6. Be2 Be7 7. O-O O-O 8. Re1
Re8 9. Bf1 Bf8 10. d5 a5 11. Rb1 Nc5 12. h3 h6 13. b3 Bd7 14. a3 cxd5 15. cxd5
Rc8 16. b4 Na6 17. Qb3 axb4 18. axb4 Nh5 19. Be3 Qf6 20. Nd2 Nf4 21. Kh2 Qg6
22. Nc4 Nc7 23. Nb6 Rcd8 24. Nxd7 Rxd7 25. g3 Nh5 26. Ra1 Be7 27. Ra7 Rb8 28.
Qc4 Nf6 29. Rea1 Bd8 30. Bg2 Nh7 31. b5 Nf8 32. h4 Ne8 33. b6 Nf6 34. f3 Nh5
35. Ne2 Qf6 36. Ra8 Rxa8 37. Rxa8 Be7 38. Rb8 g5 39. hxg5 hxg5 40. Qc8 Kg7 41.
Rxb7 Rxb7 42. Qxb7 g4 43. fxg4 Nf4 44. gxf4 Qh4+ 45. Bh3 Qe1 46. Ng3 exf4 47.
Nf5+ Kg6 48. Qxe7 fxe3 49. Qxf8 Qf2+ 50. Bg2 1-0

[Event "III Festival Grand Hotel Adriatico A"]
[Site "Montesilvano ITA"]
[Date "2013.09.21"]
[Round "3"]
[White "Gromovs, Sergejs"]
[Black "Napoli, Nicolo'"]
[WhiteElo "2187"]
[BlackElo "2266"]
[Result "0-1"]
[PlyCount "90"]
[EventDate "2013.09.20"]

1. d4 Nf6 2. Nf3 c5 3. d5 b5 4. a4 b4 5. e3 g6 6. b3 Bg7 7. Bb2 O-O 8. Bc4 Bb7
9. O-O a5 10. Qd3 e6 11. e4 exd5 12. exd5 d6 13. Nbd2 Bc8 14. Nh4 Nbd7 15. Rae1
Ne5 16. Bxe5 dxe5 17. Ne4 Nxe4 18. Qxe4 Ra7 19. Nf3 Re7 20. Re2 Qd6 21. h4 h6
22. Rd1 f5 23. Qe3 e4 24. Nd2 Kh7 25. Qh3 Bd4 26. Qh2 Be5 27. g3 Bd4 28. Rde1
Bb7 29. h5 gxh5 30. Kg2 Qg6 31. Qh4 Bf6 32. Qh3 h4 33. f3 Bc8 34. f4 Rg7 35.
Nf1 Qh5 36. Re3 Bd4 37. Be2 Qf7 38. Qxh4 Rfg8 39. Bc4 Rg4 40. Qh3 Rxf4 41. R3e2
Rfg4 42. Kh1 R8g5 43. Rh2 Qg7 44. Be2 f4 45. Bxg4 Bxg4 0-1

[Event "III Festival Grand Hotel Adriatico A"]
[Site "Montesilvano ITA"]
[Date "2013.09.21"]
[Round "3"]
[White "Pecorari, Marcello"]
[Black "Ciampi, Vincenzo"]
[WhiteElo "2064"]
[BlackElo "2119"]
[Result "0-1"]
[PlyCount "78"]
[EventDate "2013.09.20"]

1. e4 g6 2. d4 d6 3. Nc3 c6 4. Be3 Nf6 5. Qd2 b5 6. f3 Nbd7 7. g4 h5 8. g5 Nh7
9. d5 b4 10. Qd4 Rg8 11. Qxb4 c5 12. Qa4 Bg7 13. Bb5 Kf8 14. Bxd7 Bxd7 15. Qa3
Qb6 16. Nge2 Rb8 17. Rb1 a5 18. Kf2 Bd4 19. h4 Bxe3+ 20. Kxe3 f6 21. gxf6 Nxf6
22. Qb3 Qa7 23. Qc4 Kg7 24. a3 Rgf8 25. Nf4 Kh7 26. Rhg1 Bc8 27. Nb5 Rxb5 28.
Qxb5 Ba6 29. Qxa5 c4+ 30. Kd2 Qd4+ 31. Nd3 Nxe4+ 32. fxe4 Rf2+ 33. Kd1 cxd3 34.
Qc3 dxc2+ 35. Kc1 Qxc3 36. bxc3 cxb1=Q+ 37. Kxb1 Bd3+ 38. Kc1 Bxe4 39. Re1 Rf4
0-1

[Event "III Festival Grand Hotel Adriatico A"]
[Site "Montesilvano ITA"]
[Date "2013.09.22"]
[Round "4"]
[White "Di Primio, Eugenia"]
[Black "Gromovs, Sergejs"]
[WhiteElo "1978"]
[BlackElo "2187"]
[Result "0-1"]
[PlyCount "134"]
[EventDate "2013.09.20"]

1. e4 d6 2. d4 Nf6 3. Nc3 g6 4. Nf3 Bg7 5. h3 O-O 6. Bd3 c6 7. a4 a5 8. Be3 Na6
9. O-O Nb4 10. Re1 Nxd3 11. Qxd3 b6 12. Qd2 Re8 13. Bg5 Rb8 14. Rad1 Rb7 15. e5
dxe5 16. dxe5 Qxd2 17. Rxd2 Nd7 18. Bf4 Nc5 19. Nd4 Ne6 20. Nxe6 Bxe6 21. Red1
h6 22. b3 g5 23. Bg3 Kh7 24. Kf1 Kg6 25. Rd3 Bf5 26. R3d2 h5 27. f4 Bh6 28.
fxg5 Bxg5 29. Re2 c5 30. Ne4 Bh6 31. c4 Rd7 32. Rxd7 Bxd7 33. Nc3 Bf5 34. Kf2
Bd3 35. Ra2 e6 36. Ne2 Kf5 37. Bh2 h4 38. g4+ hxg3+ 39. Bxg3 Bg7 40. Rd2 Be4
41. Rd7 Rf8 42. Rd6 Rb8 43. Rd7 Rb7 44. Rd8 Bxe5 45. h4 Bc2 46. h5 Bf6 47. Rg8
Rd7 48. h6 Rd1 49. Bc7 Bh4+ 50. Ng3+ Bxg3+ 51. Rxg3 Rh1 52. Bxb6 Rxh6 53. Rf3+
Kg6 54. Bxa5 Rh2+ 55. Kg3 Re2 56. Bb6 Re5 57. a5 Be4 58. Re3 Rg5+ 59. Kf4 Bb7
60. Re5 Rg1 61. Bxc5 Rf1+ 62. Kg4 f5+ 63. Kh4 Kf6 64. Re3 e5 65. Rd3 f4 66. Kg4
Bc8+ 67. Kh4 Rh1+ 0-1

[Event "III Festival Grand Hotel Adriatico A"]
[Site "Montesilvano ITA"]
[Date "2013.09.22"]
[Round "4"]
[White "Giacometti, Carlo"]
[Black "Boscolo, Federico"]
[WhiteElo "2051"]
[BlackElo "2337"]
[Result "0-1"]
[PlyCount "54"]
[EventDate "2013.09.20"]

1. d4 Nf6 2. c4 g6 3. Nc3 Bg7 4. e4 d6 5. Be2 O-O 6. Bg5 Na6 7. f4 c6 8. Nf3
Nc7 9. Qd2 b5 10. e5 b4 11. exf6 bxc3 12. bxc3 exf6 13. Bh4 Bf5 14. O-O Rb8 15.
Bd3 Qd7 16. Rab1 d5 17. c5 Be4 18. f5 Rxb1 19. Bxb1 Bxf5 20. Bxf5 Qxf5 21. Bg3
Nb5 22. a4 Na3 23. Qb2 Nc4 24. Qb7 Qc2 25. Qxc6 Ne3 26. Ne1 Qxc3 27. Rf3 f5 0-1